| 000 | 00943nam a2200241 i 4500 | ||
|---|---|---|---|
| 001 | bg | ||
| 100 | 1 |
_aERECIŃSKI, Tadeusz _d(1946- ). |
|
| 245 | 1 | 0 |
_aKomentarz do kodeksu postępowania cywilnego. _nCz.3, _pPrzepisy z zakresu międzynarodowego postępowania cywilnego / _cTadeusz Ereciński, Jan Ciszewski ; pod red. Tadeusza Erecińskiego. |
| 250 | _aWyd 3, stan prawny na 1 maja 2004 r. | ||
| 260 |
_aWarszawa : _bWydaw. Prawnicze "LexisNexis", _c2004. |
||
| 300 |
_a317, [2] s. ; _c25 cm. |
||
| 504 | _aIndeks. | ||
| 650 | 9 |
_aPostępowanie cywilne międzynarodowe _ystan na 2004 r. |
|
| 700 | 1 | _aCISZEWSKI, Jan. | |
| 020 | _a8373343342 (cz. 3) | ||
| 040 | _cBPK | ||
| 041 | 0 | _apol | |
| 080 | _a341.9:347.91/.95 | ||
| 920 | _a83-7334-334-2 (cz. 3) | ||
| 942 | _cKS | ||
| 008 | s pl f |000 0 pol | ||
| 999 |
_c44994 _d44994 |
||
| 856 |
_uhttp://koha.tu.koszalin.pl/cgi-bin/koha/opac-detail.pl?biblionumber=44994 _yKatalog online BPK |
||